Leadership and strategic management : desicion-making in times of change / Paolo Boccardelli and Federica Brunetta. (Record no. 22201)

000 -LEADER
fixed length control field 00600nam a22001697a 4500
020 ## - INTERNATIONAL STANDARD BOOK NUMBER
ISBN 9781032605913
082 ## - DEWEY DECIMAL CLASSIFICATION NUMBER
Classification number 658.403
Item number B664 2024
100 ## - MAIN ENTRY--AUTHOR NAME
Personal name Boccardelli, Paolo, author.
245 ## - TITLE STATEMENT
Title Leadership and strategic management : desicion-making in times of change / Paolo Boccardelli and Federica Brunetta.
250 ## - EDITION STATEMENT
Edition statement 1st Edition.
260 ## - PUBLICATION, DISTRIBUTION, ETC. (IMPRINT)
Place of publication New York, NY :
Name of publisher Routledge,
Year of publication 2024.
300 ## - PHYSICAL DESCRIPTION
Number of Pages 1 online resource, viii, 76 pages :
Other physical details illustrations.
500 ## - GENERAL NOTE
General note Includes bibliographical references and index.
650 ## - SUBJECT ADDED ENTRY--TOPICAL TERM
Topical Term Economics.
700 ## - ADDED ENTRY--PERSONAL NAME
Personal name Brunetta, Federica, author.
942 ## - ADDED ENTRY ELEMENTS (KOHA)
Koha item type Electronic Books
Holdings
Source of acquisition Permanent Location Date acquired Collection code Koha item type Lost status Shelving location Withdrawn status Current Location Full call number
DonationCagayan State University - Carig Library2026-04-14E-BooksElectronic Books E-Resource Section Cagayan State University - Carig Library658.403 B664 2024

Cagayan State University University Library, Carig Campus
Tuguegarao City, Cagayan 3500 | www.csucarig.edu.ph

Powered by Koha